Física para estudiantes de ciencias e ingeniería / (Registro nro. 7712)

Detalles MARC
000 -CABECERA
Campo de control interno 01845nam a2200265Ia 4500
008 - ELEMENTOS DE LONGITUD FIJA - INFORMACIÓN GENERAL
Campo de control de longitud fija 260220t1987||||xx |||||||||||||| ||spa||
040 ## - FUENTE DE CATALOGACIÓN
Agencia de catalogación original PY-SlUNAC
Idioma de catalogación spa
Convenciones de descripción rda
041 ## - CÓDIGO DE IDIOMA
Código de idioma para texto/pista de sonido o título separado spa
082 ## - NÚMERO DE CLASIFICACIÓN DECIMAL DEWEY
Clasificación Decimal Dewey (CDD) 530
Clasificación Expansiva de Cutter (EC) B86f
100 ## - ASIENTO PRINCIPAL - NOMBRE PERSONAL
Nombre personal Bueche, Frederick
Rol del autor Autor
245 #0 - TÍTULO
Título Física para estudiantes de ciencias e ingeniería /
Mención de responsabilidad por Frederick Bueche [Autor]
250 ## - MENCIÓN DE EDICIÓN
Mención de edición Cuarta edición
264 ## - PIE DE IMPRENTA
Lugar Ciudad de México :
Editorial McGraw-Hill,
Año ℗1987.
300 ## - DESCRIPCIÓN FÍSICA
Páginas 1 volumen
490 ## - MENCIÓN DE LA SERIE
Serie/Colección
Volumen/Número secuencial volumen 1
520 ## - NOTA DE RESUMEN
Nota de resumen El libro "Física para estudiantes de ciencias e ingeniería" de Frederick Bueche es una obra fundamental que aborda los principios de la física aplicados a diversas disciplinas científicas y de ingeniería. Dividido en secciones temáticas, el texto cubre tópicos esenciales como mecánica, termodinámica, electromagnetismo y óptica, enfatizando la interrelación entre teoría y práctica. Bueche emplea un enfoque pedagógico que incluye ejemplos claros, problemas resueltos y ejercicios propuestos que fomentan la comprensión profunda de los conceptos. Además, se destacan aplicaciones reales que permiten a los estudiantes visualizar la relevancia de la física en el mundo actual. La obra también incorpora gráficos ilustrativos y tablas que facilitan la asimilación de información. A través de su estructura lógica y accesible, el autor busca preparar a los estudiantes no solo para entender la materia, sino también para aplicar sus conocimientos en contextos técnicos y científicos, promoviendo así un aprendizaje integral que trasciende la mera memorización.
653 ## - MATERIA - TÉRMINO TEMÁTICO NO CONTROLADO (PALABRAS CLAVE)
Materia - término temático no controlado (palabras clave) Ciencias físicas
653 ## - MATERIA - TÉRMINO TEMÁTICO NO CONTROLADO (PALABRAS CLAVE)
Materia - término temático no controlado (palabras clave) Física
653 ## - MATERIA - TÉRMINO TEMÁTICO NO CONTROLADO (PALABRAS CLAVE)
Materia - término temático no controlado (palabras clave) Ingeniería
942 ## - ELEMENTOS PERSONALIZADOS (KOHA)
Fecha catalogación 2026/02/17
Tipo de documento Libros
Existencias
Fuente de Clasificacion Colección Ubicacion permanente Biblioteca actual Fecha de Ingreso a la Biblioteca Origen de adquisición Enumeración en serie / cronología Código de ubicación Código de barras Tipo de Item KOHA Nota pública
Dewey Decimal Classification Colección General (CG) Biblioteca e Internet, Facultad de Ciencias Exactas y Naturales Biblioteca e Internet, Facultad de Ciencias Exactas y Naturales 02/20/2026 Donación V.1-4aEd. 530 B86f CG1072 Libros Material disponible en la Biblioteca e Intenet, Campus UNA, San Lorenzo.